| 000 | 00417nam a2200169Ia 4500 | ||
|---|---|---|---|
| 008 | 151213s9999 xx 000 0 und d | ||
| 020 | _a864-249-524-X | ||
| 100 | _aSamuel Buckett | ||
| 245 |
_aWaiting For Godot _cSamuel Buckett |
||
| 250 | _a1st | ||
| 260 |
_aNew Delhi _bBook Warld _c2007 |
||
| 300 | _a4872 p. | ||
| 650 | _aEnglish | ||
| 650 | _aEnglish Literature | ||
| 700 | _aSamuel Buckett | ||
| 999 |
_c3063 _d3063 |
||